000 00594nam a22001937a 4500
005 20251108171229.0
008 250721s1974 xx 000 0 ara d
082 1 4 _aR/413.1/WEH
100 1 _aفير، هانز
245 1 0 _aمعجم اللغة العربية المعاصرة عربي - إنجليزي /
250 _aط3
264 1 _aLONDON :
_bمكدونالد وايفانس ليمتد،
_c1974.
300 _a1110ص.
650 1 7 _aاللغة العربية
650 1 7 _aالمعاجم
700 1 _aكوان، ج ميلتون
_eتحرير
942 _2ddc
_cREF
999 _c59919
_d59919